[Event "ICS rated blitz match"]
[Site "204.178.125.65"]
[Date "2000.04.19"]
[Round "?"]
[White "Tinker"]
[Black "Hossa"]
[Result "1-0"]
[WhiteElo "2383"]
[BlackElo "2546"]
[PlyCount "147"]
[EventDate "2000.??.??"]

1. e4 d5 2. exd5 Qxd5 3. Nc3 Qe5+ 4. Be2 Qg5 5. Bf3 Qe5+ 6. Nge2 e6 7. Ne4 Qa5
8. N4c3 Qe5 9. d4 Qa5 10. O-O Nf6 11. Qd3 Bb4 12. Ne4 Nbd7 13. c3 Be7 14. b4
Qa4 15. Bf4 Nd5 16. Bg3 b6 17. b5 O-O 18. c4 Nb4 19. N4c3 Qa3 20. Qd2 c6 21.
bxc6 Nf6 22. c7 Ba6 23. Nb1 Qd3 24. a3 Bxc4 25. axb4 Qxd2 26. Nxd2 Bxe2 27.
Bxe2 Bxb4 28. Nb1 a5 29. Rc1 Rfc8 30. Rc6 Nd5 31. Bf3 Ra6 32. Bxd5 exd5 33. Bd6
Bxd6 34. Rxd6 Raa8 35. Rd7 Kf8 36. Nc3 Ke8 37. Rd6 Rxc7 38. Nxd5 Rca7 39. Nxb6
Rb8 40. Re1+ Re7 41. Kf1 Rxe1+ 42. Kxe1 Ke7 43. Rc6 Rd8 44. d5 h5 45. d6+ Ke6
46. d7+ Ke7 47. Rc5 a4 48. Ra5 Kd6 49. Rxa4 Kc6 50. Rb4 Kc5 51. Rb2 g5 52. Ke2
h4 53. Kf3 f5 54. h3 Kc6 55. Ke3 Kc7 56. Kd4 Kd6 57. Rc2 g4 58. Rc8 Ke7 59. Kd5
Rxd7+ 60. Nxd7 Kxd7 61. Rf8 g3 62. fxg3 hxg3 63. Rxf5 Ke7 64. h4 Kd7 65. Rf6
Kc7 66. Rc6+ Kd7 67. Rc4 Ke7 68. Rf4 Kd7 69. Rf7+ Ke8 70. Ke6 Kd8 71. h5 Ke8
72. h6 Kd8 73. h7 Kc8 74. h8=Q# {Hossa checkmated} 1-0

[Event "ICS rated blitz match"]
[Site "204.178.125.65"]
[Date "2000.04.19"]
[Round "?"]
[White "Hossa"]
[Black "PostModernist"]
[Result "1/2-1/2"]
[WhiteElo "2523"]
[BlackElo "2636"]
[PlyCount "110"]
[EventDate "2000.??.??"]

1. e4 c5 2. Nf3 d6 3. d4 Nf6 4. Nc3 cxd4 5. Nxd4 Nc6 6. Bg5 Qb6 7. Bxf6 gxf6 8.
Bb5 e6 9. Na4 Qa5+ 10. c3 Bd7 11. O-O O-O-O 12. Bxc6 bxc6 13. b4 Qa6 14. Nf3
Rg8 15. Re1 Rg7 16. g3 Be7 17. Qb3 Qd3 18. Re3 Qb5 19. c4 Qh5 20. b5 cxb5 21.
Nc3 d5 22. cxd5 a6 23. Ne2 Kb8 24. a4 b4 25. Qc4 Kb7 26. Rb1 Rc8 27. Qd4 Bc5
28. Rxb4+ Ka7 29. Qxf6 Rg6 30. Qc3 exd5 31. Nf4 Qg4 32. Nxg6 Bxb4 33. Qxb4 hxg6
34. Qd4+ Ka8 35. Qxd5+ Bc6 36. Qxf7 Bxe4 37. Ne1 Qf5 38. Qg7 Bc6 39. a5 Qxa5
40. Qxg6 Qd5 41. f3 Qc5 42. Qd3 Qa7 43. Qc3 Qb6 44. f4 a5 45. Qb3 Qc5 46. h3
Re8 47. Nc2 Rd8 48. Qc3 Qd5 49. Ne1 Qh1+ 50. Kf2 Qh2+ 51. Kf1 Qh1+ 52. Ke2 Qh2+
53. Kf1 Qh1+ 54. Ke2 Qh2+ 55. Kf1 Qh1+ 1/2-1/2

[Event "ICS rated blitz match"]
[Site "204.178.125.65"]
[Date "2000.04.19"]
[Round "?"]
[White "counterplay"]
[Black "Hossa"]
[Result "1-0"]
[WhiteElo "2534"]
[BlackElo "2528"]
[PlyCount "97"]
[EventDate "2000.??.??"]

1. e4 e5 2. Nf3 Nc6 3. Bc4 d6 4. Nc3 Be7 5. d4 exd4 6. Nxd4 Nxd4 7. Qxd4 Nf6 8.
O-O O-O 9. h3 Be6 10. Bxe6 fxe6 11. Rd1 a6 12. e5 Ne8 13. Bf4 d5 14. Qe3 b6 15.
Rd3 Bc5 16. Qd2 Rf5 17. Rd1 Qe7 18. a3 Qf8 19. Bg3 c6 20. Na4 Rb8 21. Rc3 a5
22. Nxc5 bxc5 23. Rb3 Rxb3 24. cxb3 Nc7 25. Qxa5 Nb5 26. Qb6 Nd4 27. Kh2 Rf7
28. b4 Qa8 29. Qxc5 Nf5 30. Rc1 Ne7 31. Qd6 Qc8 32. b5 Qb7 33. b3 Nf5 34. Qxe6
Qxb5 35. Rxc6 Ne7 36. Rc7 Qe8 37. Bh4 Kf8 38. Qd6 Kg8 39. Bxe7 h5 40. Qxd5 Kh7
41. Qc5 Qb8 42. e6 Rxf2 43. Bd6 Qe8 44. Qxf2 Qxe6 45. Qf8 Qg6 46. Be5 h4 47.
Rxg7+ Kh6 48. Rh7+ Kxh7 49. Qh8# {Hossa checkmated} 1-0

[Event "ICS rated blitz match"]
[Site "204.178.125.65"]
[Date "2000.04.19"]
[Round "?"]
[White "Hossa"]
[Black "IamaMaster"]
[Result "1-0"]
[WhiteElo "2512"]
[BlackElo "1959"]
[PlyCount "61"]
[EventDate "2000.??.??"]

1. e4 e6 2. d4 d5 3. Nc3 Bb4 4. e5 c5 5. a3 Bxc3+ 6. bxc3 Ne7 7. Qg4 Qc7 8.
Qxg7 Rg8 9. Qxh7 cxd4 10. Ne2 Nbc6 11. f4 Bd7 12. Qd3 dxc3 13. Qxc3 Nf5 14. Rb1
O-O-O 15. Rg1 d4 16. Qd3 f6 17. exf6 e5 18. g4 Nh4 19. g5 Bf5 20. Bh3 Qd7 21.
Bxf5 Nxf5 22. g6 Qe6 23. Qb3 Qxb3 24. Rxb3 e4 25. f7 Rg7 26. Rh3 Nfe7 27. Rh6
Kd7 28. Rh7 Nf5 29. Rg5 Nce7 30. Rxg7 Nxg7 31. Nxd4 {IamaMaster resigns} 1-0

[Event "ICS rated standard match"]
[Site "204.178.125.65"]
[Date "2000.04.19"]
[Round "?"]
[White "Hossa"]
[Black "Neiva"]
[Result "1-0"]
[WhiteElo "2329"]
[BlackElo "2237"]
[PlyCount "109"]
[EventDate "2000.??.??"]

1. e4 c5 2. Nf3 d6 3. d4 cxd4 4. Nxd4 Nf6 5. Nc3 a6 6. Bg5 e6 7. f4 Nbd7 8. Qf3
Qc7 9. O-O-O Be7 10. Kb1 b5 11. Bxf6 Bxf6 12. e5 Bb7 13. Ncxb5 axb5 14. Nxb5
Bxf3 15. Nxc7+ Kd8 16. Nxa8 Bxd1 17. Bb5 Bg4 18. exf6 Nxf6 19. a4 Nd5 20. Bc6
Nxf4 21. Rf1 e5 22. g3 Bd7 23. Bxd7 Kxd7 24. Nb6+ Kc6 25. gxf4 Kxb6 26. fxe5
dxe5 27. Rxf7 g6 28. c3 Rc8 29. Kc2 Rc4 30. b4 Rh4 31. Rf2 Kc6 32. Kb3 e4 33.
Rc2 e3 34. Re2 g5 35. c4 Kb7 36. b5 Rh3 37. a5 Kb8 38. Kc3 h6 39. Kd3 g4 40.
Kd4 Ka7 41. Rxe3 Rxh2 42. Re7+ Kb8 43. Kc5 Rf2 44. Re8+ Kb7 45. a6+ Ka7 46. Rh8
Rf5+ 47. Kb4 Rf6 48. Ka5 Rf5 49. Rh7+ Ka8 50. a7 Rf6 51. b6 Rf5+ 52. Ka6 Ra5+
53. Kxa5 g3 54. Rh8+ Kb7 55. a8=Q# {Neiva checkmated} 1-0

[Event "ICS rated blitz match"]
[Site "204.178.125.65"]
[Date "2000.04.19"]
[Round "?"]
[White "counterplay"]
[Black "Hossa"]
[Result "1-0"]
[WhiteElo "2549"]
[BlackElo "2513"]
[PlyCount "89"]
[EventDate "2000.??.??"]

1. d4 d5 2. c4 e6 3. Nc3 Nf6 4. Nf3 Bb4 5. Bg5 dxc4 6. e4 c5 7. Bxc4 cxd4 8.
Nxd4 Bxc3+ 9. bxc3 Qa5 10. Bb5+ Nbd7 11. Bxf6 Qxc3+ 12. Kf1 gxf6 13. h4 Qa5 14.
Rh3 a6 15. Bxd7+ Bxd7 16. Rd3 Bc6 17. Nxc6 bxc6 18. Rb1 Qxa2 19. Rdb3 Rd8 20.
Rb8 O-O 21. Rxd8 Rxd8 22. Qxd8+ Kg7 23. Qd3 Qa4 24. Rc1 e5 25. Qc4 Qa5 26. Ke2
Qb5 27. Qxb5 cxb5 28. Ra1 f5 29. exf5 Kf6 30. g4 Ke7 31. Rxa6 Ke8 32. Ra5 Ke7
33. Rxb5 Kf6 34. Rb6+ Kg7 35. g5 e4 36. h5 Kf8 37. Rb8+ Ke7 38. g6 hxg6 39.
fxg6 Kf6 40. Rb6+ Ke7 41. g7 Kd7 42. g8=Q Ke7 43. Qb8 f6 44. Qa7+ Kf8 45. Rb8#
{Hossa checkmated} 1-0

[Event "ICS rated standard match"]
[Site "204.178.125.65"]
[Date "2000.04.19"]
[Round "?"]
[White "Neiva"]
[Black "Hossa"]
[Result "0-1"]
[WhiteElo "2225"]
[BlackElo "2341"]
[PlyCount "94"]
[EventDate "2000.??.??"]

1. e4 e5 2. Nf3 Nc6 3. Bb5 Bc5 4. O-O d6 5. d4 exd4 6. Bxc6+ bxc6 7. Nxd4 Ne7
8. Nc3 Ba6 9. Re1 O-O 10. Na4 Bxd4 11. Qxd4 c5 12. Qd1 Nc6 13. Qh5 Nd4 14. Nxc5
dxc5 15. Qxc5 Qd6 16. Qxd6 cxd6 17. c3 Nc2 18. Bf4 Rfe8 19. Bxd6 Nxe1 20. Rxe1
Rad8 21. Bf4 Rxe4 22. Be3 f5 23. f3 Re6 24. Kf2 Rde8 25. g3 Bd3 26. h4 Rb8 27.
Bc1 Rxe1 28. Kxe1 Re8+ 29. Kd2 Bb5 30. Kc2 Bc6 31. f4 Re2+ 32. Kd3 Rg2 33. Kd4
Rc2 34. Be3 Rxb2 35. a3 Rb3 36. Bc1 a5 37. Kc4 a4 38. Kd3 Bb5+ 39. Kc2 Kf7 40.
h5 h6 41. Kd2 Ke6 42. Kc2 Be2 43. Kd2 Bxh5 44. Kd3 Bf3 45. Kc4 Be2+ 46. Kd4 Bf1
47. Be3 Rxa3 {Neiva resigns} 0-1

[Event "ICS rated blitz match"]
[Site "204.178.125.65"]
[Date "2000.04.19"]
[Round "?"]
[White "Baxpace"]
[Black "Hossa"]
[Result "1-0"]
[WhiteElo "2157"]
[BlackElo "2499"]
[PlyCount "139"]
[EventDate "2000.??.??"]

1. e4 e5 2. Nf3 Nc6 3. Bb5 a6 4. Ba4 Nf6 5. O-O Be7 6. Re1 b5 7. Bb3 d6 8. c3
O-O 9. h3 Bb7 10. d4 Re8 11. Nbd2 Bf8 12. a3 h6 13. Bc2 Nb8 14. b4 Nbd7 15. Bb2
g6 16. c4 exd4 17. cxb5 axb5 18. Nxd4 c6 19. a4 bxa4 20. Bxa4 Ra6 21. Qc2 c5
22. N4b3 Re6 23. Na5 Ba8 24. Qd3 d5 25. Bxd7 Qxd7 26. Bxf6 Rxf6 27. Nab3 c4 28.
Nxc4 Qb5 29. Ne5 Qxd3 30. Nxd3 dxe4 31. Ndc5 Rxa1 32. Rxa1 Bc6 33. Nd4 Rd6 34.
Nxc6 Rxc6 35. Kf1 Rb6 36. Ra8 Rd6 37. Nxe4 Rd1+ 38. Ke2 Rb1 39. Nc5 Kg7 40. Nd3
h5 41. Rd8 Be7 42. Rd5 g5 43. b5 Kf8 44. Ne5 Ke8 45. Nc6 f6 46. f4 Rb2+ 47. Kf3
g4+ 48. Kg3 Rb3+ 49. Kh4 gxh3 50. gxh3 Rf3 51. f5 Rb3 52. Nd4 Rd3 53. b6 Bc5
54. Rxc5 Rxd4+ 55. Kxh5 Rb4 56. Rc6 Rb3 57. Kg6 Kd7 58. Rxf6 Kc8 59. Re6 Kb7
60. f6 Rg3+ 61. Kf7 Rg5 62. Ke7 Kb8 63. f7 Kb7 64. f8=Q Rc5 65. Qf3+ Ka6 66.
b7+ Ka5 67. Qa3+ Kb5 68. b8=Q+ Kc4 69. Qbb4+ Kd5 70. Qxc5# {Hossa checkmated}
1-0

[Event "ICS rated blitz match"]
[Site "204.178.125.65"]
[Date "2000.04.19"]
[Round "?"]
[White "Hossa"]
[Black "Baxpace"]
[Result "0-1"]
[WhiteElo "2471"]
[BlackElo "2185"]
[PlyCount "128"]
[EventDate "2000.??.??"]

1. e4 e5 2. Nf3 Nc6 3. Nc3 Nf6 4. Nxe5 Nxe5 5. d4 Nc6 6. d5 Nb4 7. a3 Na6 8. e5
Ng8 9. Qf3 Nb8 10. Bd3 Ne7 11. O-O Ng6 12. Re1 Bc5 13. Ne4 Be7 14. Nf6+ Kf8 15.
Nxh7+ Kg8 16. e6 dxe6 17. dxe6 Bxe6 18. Rxe6 fxe6 19. Bxg6 Rxh7 20. Bxh7+ Kxh7
21. Qh3+ Kg8 22. Qxe6+ Kf8 23. Bf4 Qd7 24. Qe2 Bd6 25. Rd1 Nc6 26. Qf3 Qf7 27.
Bxd6+ cxd6 28. Qd3 Rd8 29. Re1 Qf6 30. Qb5 Rd7 31. Qh5 Re7 32. Qh8+ Kf7 33.
Qh5+ g6 34. Qd5+ Ke8 35. Qg8+ Kd7 36. Rxe7+ Nxe7 37. Qb3 b6 38. c3 Qf5 39. Qd1
Nc6 40. h3 a5 41. b3 d5 42. a4 Qe4 43. Kh2 d4 44. Kg1 d3 45. Kf1 Kd6 46. Qd2
Ne5 47. f3 Qd5 48. Kf2 g5 49. Qxg5 d2 50. f4 Ng4+ 51. Qxg4 d1=Q 52. Qg6+ Qe6
53. Qxe6+ Kxe6 54. g4 Qxb3 55. h4 Qxa4 56. Kg3 Qe4 57. f5+ Ke5 58. g5 Qe3+ 59.
Kg4 Qe2+ 60. Kg3 Ke4 61. h5 Qf3+ 62. Kh2 Qf2+ 63. Kh1 Kf3 64. c4 Qg2# {
Hossa checkmated} 0-1

[Event "ICS rated blitz match"]
[Site "204.178.125.65"]
[Date "2000.04.19"]
[Round "?"]
[White "Baxpace"]
[Black "Hossa"]
[Result "1-0"]
[WhiteElo "2212"]
[BlackElo "2444"]
[PlyCount "125"]
[EventDate "2000.??.??"]

1. e4 e5 2. Nf3 Nc6 3. Bb5 a6 4. Ba4 Nf6 5. O-O Be7 6. Re1 b5 7. Bb3 O-O 8. c3
d5 9. exd5 Nxd5 10. Nxe5 Nxe5 11. Rxe5 c6 12. d4 Bd6 13. Re1 Qh4 14. g3 Qh3 15.
Be3 Bg4 16. Qd3 Rae8 17. Nd2 Re6 18. a4 f5 19. Qf1 Qh5 20. f4 bxa4 21. Rxa4
Rfe8 22. Rxa6 Kh8 23. Bxd5 cxd5 24. Qb5 Rh6 25. Nf1 Bf3 26. Bd2 Rg8 27. Kf2 Be4
28. Qe2 Qxe2+ 29. Kxe2 Re8 30. Kf2 Kg8 31. b4 Rc8 32. Ra7 Bb8 33. Rd7 Kf8 34.
Ra1 Rb6 35. Ne3 Rh6 36. Kg1 Ke8 37. Rxg7 Bc7 38. Ra7 Kd8 39. Rf7 Rc6 40. Rxh7
Rf6 41. c4 dxc4 42. b5 Bd6 43. Rh8+ Rf8 44. Ba5+ Ke8 45. Rh6 Rf7 46. Rxf7 Bxf4
47. gxf4 Kxf7 48. Bc3 Bd3 49. b6 Re8 50. b7 Be2 51. d5 Rb8 52. Rh7+ Ke8 53.
Rh8+ Kd7 54. Rxb8 Kc7 55. Be5+ Kb6 56. d6 Kc6 57. d7 Kxd7 58. Rd8+ Kxd8 59.
b8=Q+ Kd7 60. Qd6+ Ke8 61. Nxf5 Kf7 62. Qf6+ Kg8 63. Qg7# {Hossa checkmated}
1-0

[Event "ICS rated standard match"]
[Site "204.178.125.65"]
[Date "2000.04.19"]
[Round "?"]
[White "Hossa"]
[Black "chess-bomber"]
[Result "1-0"]
[WhiteElo "2352"]
[BlackElo "1958"]
[PlyCount "24"]
[EventDate "2000.??.??"]

1. e4 g6 2. d4 Bg7 3. Nc3 d6 4. Nf3 c6 5. Be2 Nd7 6. O-O Qc7 7. Bd3 e5 8. dxe5
dxe5 9. b3 Ne7 10. Ba3 b5 11. Bxe7 Kxe7 12. Bxb5 cxb5 1-0

[Event "ICS rated standard match"]
[Site "204.178.125.65"]
[Date "2000.04.19"]
[Round "?"]
[White "chess-bomber"]
[Black "Hossa"]
[Result "0-1"]
[WhiteElo "1955"]
[BlackElo "2355"]
[PlyCount "54"]
[EventDate "2000.??.??"]

1. g3 d5 2. Bg2 c6 3. c4 e5 4. Qb3 dxc4 5. Qxc4 Nf6 6. Nc3 Be6 7. Qa4 Bd6 8.
Nf3 O-O 9. O-O b5 10. Nxb5 cxb5 11. Qxb5 Bd5 12. d3 Nbd7 13. b3 Rb8 14. Qa6 Nc5
15. Qxa7 Ra8 16. Qxa8 Qxa8 17. Be3 Nxd3 18. Rfd1 Nb4 19. Rd2 Ne4 20. Rb2 Rc8
21. a3 Nc2 22. Rd1 Nxe3 23. fxe3 Qxa3 24. Rxd5 Qxb2 25. Nxe5 Rc1+ 26. Bf1 Qxe2
27. Rxd6 Rxf1# 0-1

[Event "ICS rated blitz match"]
[Site "204.178.125.65"]
[Date "2000.04.19"]
[Round "?"]
[White "Hossa"]
[Black "Enfatico"]
[Result "1-0"]
[WhiteElo "2419"]
[BlackElo "2119"]
[PlyCount "68"]
[EventDate "2000.??.??"]

1. e4 c6 2. d4 d5 3. Nc3 dxe4 4. Nxe4 Bf5 5. Ng3 Bg6 6. h4 h6 7. Nf3 Nd7 8. h5
Bh7 9. Bd3 Bxd3 10. Qxd3 Qc7 11. Bd2 O-O-O 12. Rh4 e6 13. O-O-O Ngf6 14. c4 c5
15. d5 Nb6 16. Bc3 Be7 17. Be5 Bd6 18. Bxf6 gxf6 19. Ne2 Kb8 20. Nc3 a6 21. Kb1
f5 22. Qe2 Rhe8 23. dxe6 fxe6 24. Rhh1 Qc6 25. b3 Bc7 26. Rhg1 Nd7 27. Qe3 Nf6
28. Rxd8+ Rxd8 29. Re1 Ba5 30. Qe5+ Qd6 31. Qxf6 Qd3+ 32. Kb2 Rd4 33. Qe5+ Rd6
34. Nd5 exd5 {Enfatico resigns} 1-0

[Event "ICS rated blitz match"]
[Site "204.178.125.65"]
[Date "2000.04.19"]
[Round "?"]
[White "dingo13"]
[Black "Hossa"]
[Result "1-0"]
[WhiteElo "1987"]
[BlackElo "2424"]
[PlyCount "95"]
[EventDate "2000.??.??"]

1. e4 e5 2. Nf3 Nc6 3. Bc4 Nf6 4. O-O Bc5 5. c3 Nxe4 6. d4 exd4 7. cxd4 Be7 8.
d5 Na5 9. Bd3 Nc5 10. Re1 O-O 11. Bc2 Bf6 12. d6 cxd6 13. Nc3 Nc4 14. Nd5 Nxb2
15. Bxb2 Bxb2 16. Bxh7+ Kxh7 17. Qc2+ Kh8 18. Qxb2 Nd3 19. Qd4 Nxe1 20. Rxe1
Re8 21. Qh4+ Kg8 22. Ne7+ Rxe7 23. Rxe7 f6 24. Qc4+ Kh7 25. Qf7 Qxe7 26. Qxe7
d5 27. Nd4 d6 28. f4 Bg4 29. h3 Bc8 30. Qe8 g6 31. Qf7+ Kh8 32. Qxf6+ Kh7 33.
Qf7+ Kh8 34. Qxg6 Bd7 35. Qxd6 Bc8 36. Qf8+ Kh7 37. f5 Bxf5 38. Qxa8 Be4 39.
Qxb7+ Kg6 40. Qxa7 Kf6 41. Qc7 Kg6 42. Qf4 Bb1 43. h4 Be4 44. g4 Bf5 45. Qxf5+
Kg7 46. Ne6+ Kg8 47. Qg6+ Kh8 48. Qg7# {Hossa checkmated} 1-0

[Event "ICS rated blitz match"]
[Site "204.178.125.65"]
[Date "2000.04.19"]
[Round "?"]
[White "Hossa"]
[Black "PostModernist"]
[Result "0-1"]
[WhiteElo "2394"]
[BlackElo "2605"]
[PlyCount "128"]
[EventDate "2000.??.??"]

1. e4 c6 2. d4 d5 3. e5 c5 4. dxc5 e6 5. Be3 Nh6 6. Bb5+ Bd7 7. Bxd7+ Nxd7 8.
Bxh6 gxh6 9. Nf3 Bxc5 10. Qd2 Qc7 11. Qe2 Qb6 12. c3 O-O-O 13. a4 a5 14. O-O
Rdg8 15. Na3 Rg4 16. Nb5 Re4 17. Qd2 Nxe5 18. Nxe5 Rxe5 19. b4 Bf8 20. bxa5
Qxa5 21. Qd4 f6 22. Rfe1 Rg8 23. Rxe5 fxe5 24. Qxe5 Rg6 25. Re1 Qd8 26. Na7+
Kd7 27. Rb1 Qc7 28. Qe2 Bc5 29. Nb5 Qf4 30. a5 Kc8 31. g3 Qf6 32. Re1 h5 33.
Ra1 h4 34. Kg2 Kd8 35. a6 bxa6 36. Rxa6 Qf5 37. Ra8+ Ke7 38. Ra1 hxg3 39. hxg3
Rh6 40. Nd4 Qh3+ 41. Kf3 Qh5+ 42. Kg2 Qh2+ 43. Kf3 Rf6+ 44. Kg4 Bxd4 45. cxd4
Rf5 46. Ra7+ Kf6 47. Qe5+ Rxe5 48. dxe5+ Kxe5 49. f4+ Ke4 50. Ra4+ d4 51. Ra5
d3 52. Re5+ Kd4 53. Rxe6 d2 54. Rd6+ Ke4 55. Rd8 h5+ 56. Kg5 Qxg3+ 57. Kh6
Qxf4+ 58. Kh7 Qf5+ 59. Kg7 Qg5+ 60. Kf7 Qxd8 61. Kg7 d1=Q 62. Kh6 Qf8+ 63. Kh7
Qd7+ 64. Kg6 Qdf5# {Hossa checkmated} 0-1

[Event "ICS rated blitz match"]
[Site "204.178.125.65"]
[Date "2000.04.19"]
[Round "?"]
[White "Baxpace"]
[Black "Hossa"]
[Result "1-0"]
[WhiteElo "2257"]
[BlackElo "2387"]
[PlyCount "85"]
[EventDate "2000.??.??"]

1. e4 c5 2. Nf3 d6 3. d4 cxd4 4. Nxd4 Nf6 5. Nc3 a6 6. Bg5 e6 7. f4 Be7 8. Qf3
Qc7 9. O-O-O Nbd7 10. g4 b5 11. Bxf6 Nxf6 12. g5 Nd7 13. f5 Nc5 14. f6 gxf6 15.
gxf6 Bf8 16. Rg1 h5 17. Rg7 b4 18. Nd5 exd5 19. exd5 Bg4 20. Re1+ Kd8 21. Qf4
Kc8 22. Ne6 Nxe6 23. dxe6 b3 24. axb3 Qa5 25. b4 Qa1+ 26. Kd2 Qa2 27. Bc4 Qa4
28. Bd5 Ra7 29. exf7 Rc7 30. Qe4 Rd7 31. Rg8 Rd8 32. Rxh8 Bd7 33. Qc4+ Kb8 34.
Re8 Bxe8 35. Rxf8 a5 36. Qd4 Kc8 37. fxe8=Q Rxe8 38. Be6+ Qd7 39. Rxe8+ Kb7 40.
Bxd7 d5 41. Rb8+ Kxb8 42. Qb6+ Ka8 43. Bc6# {Hossa checkmated} 1-0

[Event "ICS rated blitz match"]
[Site "204.178.125.65"]
[Date "2000.04.19"]
[Round "?"]
[White "Hossa"]
[Black "Baxpace"]
[Result "1-0"]
[WhiteElo "2365"]
[BlackElo "2287"]
[PlyCount "77"]
[EventDate "2000.??.??"]

1. e4 e5 2. Nf3 Nc6 3. Nc3 Nf6 4. Nxe5 Nxe5 5. d4 Nc6 6. d5 Ne5 7. f4 Ng6 8. e5
Ng8 9. d6 cxd6 10. exd6 Qf6 11. Nb5 Kd8 12. Be3 b6 13. Qd5 Rb8 14. O-O-O Bb7
15. Qd2 Be4 16. Qb4 Qf5 17. g4 Qe6 18. Nc7 Qxa2 19. Qxe4 Nf6 20. Qd4 Nxg4 21.
Rd3 Qa1+ 22. Kd2 Nh4 23. Bg2 Qa5+ 24. b4 Qh5 25. Be4 Rc8 26. Ra1 Nxh2 27. Kc1
N2f3 28. Qc3 Bxd6 29. Rxd6 Rxc7 30. Bxb6 axb6 31. Qxg7 Rc8 32. Ra7 Qb5 33.
Qxh8+ Ke7 34. Qf6+ Kf8 35. Raxd7 Rxc2+ 36. Bxc2 Qf1+ 37. Kb2 Qa1+ 38. Kxa1 Ke8
39. Qh8# {Baxpace checkmated} 1-0

[Event "ICS rated blitz match"]
[Site "204.178.125.65"]
[Date "2000.04.19"]
[Round "?"]
[White "Baxpace"]
[Black "Hossa"]
[Result "1-0"]
[WhiteElo "2275"]
[BlackElo "2377"]
[PlyCount "81"]
[EventDate "2000.??.??"]

1. e4 e5 2. Nf3 Nc6 3. Bb5 a6 4. Ba4 Nf6 5. O-O Nxe4 6. d4 b5 7. Bb3 d5 8. dxe5
Be6 9. c3 Be7 10. Nbd2 O-O 11. Bc2 f5 12. Nb3 Qd7 13. Nbd4 Nxd4 14. Nxd4 c5 15.
Nxe6 Qxe6 16. f3 Ng5 17. a4 b4 18. cxb4 cxb4 19. Bb3 Rfd8 20. Bxg5 Bxg5 21. f4
Be7 22. Qd4 Rd7 23. Rac1 Bd8 24. Qxb4 Bb6+ 25. Kh1 Be3 26. Rcd1 Rc8 27. Rd3 Bb6
28. Rfd1 Rc5 29. Ba2 Ra5 30. Qd2 Kf8 31. Bxd5 Qe7 32. Ba2 Rb7 33. Qc2 Qe8 34.
Qb3 Rd5 35. Qxd5 Qf7 36. Qc6 Qe8 37. Qxb7 Bc5 38. Rd8 Be7 39. Rxe8+ Kxe8 40.
Qc8+ Bd8 41. Qxd8# {Hossa checkmated} 1-0

[Event "ICS rated blitz match"]
[Site "204.178.125.65"]
[Date "2000.04.19"]
[Round "?"]
[White "Baxpace"]
[Black "Hossa"]
[Result "1-0"]
[WhiteElo "2292"]
[BlackElo "2356"]
[PlyCount "131"]
[EventDate "2000.??.??"]

1. e4 e5 2. Nf3 Nc6 3. Bb5 a6 4. Ba4 Nf6 5. O-O Be7 6. Re1 b5 7. Bb3 O-O 8. c3
d5 9. exd5 Nxd5 10. Nxe5 Nxe5 11. Rxe5 c6 12. d4 Bd6 13. Re1 Qh4 14. g3 Qh3 15.
Be3 Bg4 16. Qd3 Rae8 17. Nd2 Re6 18. a4 f5 19. Qf1 Qh5 20. f4 bxa4 21. Rxa4
Rfe8 22. Rxa6 Kh8 23. Bxd5 cxd5 24. Qb5 Rh6 25. Nf1 Bf3 26. Bd2 Rg8 27. Kf2 Be4
28. Qe2 Qxe2+ 29. Kxe2 Re8 30. Kf2 Kg8 31. Ra5 Kf8 32. b4 Bc7 33. Rxe4 fxe4 34.
Rxd5 Ra6 35. h4 Ra3 36. Ne3 Ra2 37. Ke2 Re7 38. c4 Ke8 39. c5 Rb2 40. c6 Rb1
41. Nf5 Rf7 42. b5 g6 43. Ne3 Rb3 44. h5 Rb1 45. Nc4 Re7 46. hxg6 hxg6 47. Rc5
Rh7 48. b6 Bxb6 49. Nxb6 Rxb6 50. c7 Rxc7 51. Rxc7 Rb3 52. Rc3 Rb7 53. Ke3 Rb2
54. Rc6 Kf7 55. d5 Ra2 56. Bc3 Rg2 57. Rc7+ Ke8 58. d6 Rxg3+ 59. Kxe4 Rxc3 60.
Rxc3 Kd7 61. Kd5 g5 62. Rc7+ Ke8 63. Ke6 Kf8 64. d7 Kg7 65. d8=Q+ Kg6 66. Qxg5#
{Hossa checkmated} 1-0

[Event "ICS rated blitz match"]
[Site "204.178.125.65"]
[Date "2000.04.19"]
[Round "?"]
[White "Hossa"]
[Black "Baxpace"]
[Result "0-1"]
[WhiteElo "2337"]
[BlackElo "2311"]
[PlyCount "134"]
[EventDate "2000.??.??"]

1. e4 e5 2. Nf3 Nc6 3. Nc3 Bb4 4. a3 Bxc3 5. dxc3 Nf6 6. Bg5 O-O 7. Bb5 d6 8.
Nd2 h6 9. Bxf6 Qxf6 10. O-O Ne7 11. b3 c6 12. Be2 d5 13. c4 dxc4 14. Nxc4 b5
15. Ne3 Be6 16. c4 Rfd8 17. Qc2 a6 18. Rad1 Rd4 19. Rfe1 Qf4 20. Bf3 Rad8 21.
cxb5 axb5 22. a4 Qf6 23. a5 Ra8 24. Ra1 Ra6 25. Qc3 b4 26. Qc2 Ng6 27. Be2 Ra7
28. Red1 Nf4 29. Bc4 Bxc4 30. Nxc4 Ra6 31. Rab1 Qg5 32. f3 c5 33. g3 Qh5 34.
Rf1 Ne6 35. Qe2 Rd8 36. Nxe5 Rxa5 37. Nc4 Nd4 38. Qg2 Ra7 39. Rb2 Raa8 40. f4
Qg6 41. Rfb1 Qa6 42. Rc1 Qe6 43. Kh1 Kh8 44. e5 Ra7 45. Qe4 Kg8 46. Qg2 Rda8
47. Nd2 Ra2 48. Rxc5 Ra1+ 49. Nf1 Nxb3 50. Rc7 Qa6 51. Kg1 Qb6+ 52. Kh1 Qxc7
53. Rxb3 R8a2 54. Rb2 Rxb2 55. Qxb2 Qc6+ 56. Kg1 Rxf1+ 57. Kxf1 Qh1+ 58. Ke2
Qxh2+ 59. Ke3 Qxb2 60. e6 fxe6 61. Ke4 Qc3 62. f5 b3 63. Kf4 b2 64. f6 b1=Q 65.
f7+ Kxf7 66. Kg4 Qf5+ 67. Kh4 Qcf6# {Hossa checkmated} 0-1

[Event "ICS rated blitz match"]
[Site "204.178.125.65"]
[Date "2000.04.19"]
[Round "?"]
[White "Hossa"]
[Black "Steffy"]
[Result "1-0"]
[WhiteElo "2320"]
[BlackElo "2289"]
[PlyCount "52"]
[EventDate "2000.??.??"]

1. e4 e5 2. Nf3 Nc6 3. Nc3 Nf6 4. Nxe5 Nxe5 5. d4 Nc6 6. d5 Ne5 7. f4 Ng6 8. e5
Ng8 9. d6 c6 10. g3 b6 11. Qe2 a5 12. f5 Ba6 13. Qe4 Bxf1 14. Rxf1 N6e7 15.
dxe7 Nxe7 16. Bg5 h6 17. Bh4 d5 18. exd6 Qxd6 19. Nb5 Qd8 20. Rd1 cxb5 21.
Rxd8+ Rxd8 22. Qe5 Rd5 23. Qb8+ Kd7 24. Bxe7 Kxe7 25. Qb7+ Rd7 26. Qxb6 Rd6 {
Steffy resigns} 1-0

[Event "ICS rated blitz match"]
[Site "204.178.125.65"]
[Date "2000.04.19"]
[Round "?"]
[White "Steffy"]
[Black "Hossa"]
[Result "1/2-1/2"]
[WhiteElo "2274"]
[BlackElo "2335"]
[PlyCount "176"]
[EventDate "2000.??.??"]

1. b3 e5 2. Bb2 d6 3. e3 Nf6 4. Be2 Nc6 5. Nf3 e4 6. Nd4 Nxd4 7. Bxd4 Be7 8. d3
d5 9. dxe4 Nxe4 10. Bxg7 Rg8 11. Qd4 Nf6 12. Bh6 Rg6 13. Bf4 Rxg2 14. Bf3 Rg6
15. c4 c5 16. Qd3 d4 17. Nd2 Ng4 18. h3 dxe3 19. Qxd8+ Bxd8 20. hxg4 exd2+ 21.
Bxd2 Bxg4 22. Bxb7 Rb8 23. Bd5 h5 24. f3 Be6 25. Bc6+ Kf8 26. O-O-O Rc8 27. Be4
f5 28. Bb7 Rb8 29. Bd5 Bxd5 30. cxd5 h4 31. Be1 Rh6 32. d6 Rb6 33. Bf2 Ra6 34.
Kb2 Rc6 35. Rd5 Kf7 36. Bxc5 Ke6 37. Rhd1 h3 38. d7 Rh4 39. Bd6 h2 40. Re5+ Kf7
41. Rxf5+ Ke6 42. Re5+ Kf6 43. Re8 h1=Q 44. Be5+ Kf7 45. Rxh1 Rxh1 46. Rxd8 Rd1
47. Bf4 Ke6 48. Rg8 Rxd7 49. Rg6+ Kd5 50. Rg5+ Ke6 51. Be3 Kf7 52. Rh5 Kg8 53.
f4 Re6 54. Re5 Rg6 55. f5 Rg2+ 56. Ka3 Re2 57. f6 Kf7 58. Bd4 Rxe5 59. Bxe5 Rd2
60. b4 Rd3+ 61. Kb2 Kf8 62. a4 Kf7 63. b5 Rd5 64. Bc3 Ke8 65. Kb3 Rc5 66. Kb4
Rc7 67. a5 Kf7 68. a6 Ke6 69. Bb2 Kd5 70. b6 axb6 71. Kb5 Ke6 72. Kxb6 Rd7 73.
a7 Rd6+ 74. Kb5 Rd5+ 75. Ka6 Rd6+ 76. Ka5 Rd5+ 77. Kb4 Rd8 78. Kc5 Rd5+ 79. Kc6
Rd6+ 80. Kb7 Rd7+ 81. Kb8 Rd8+ 82. Kc7 Rd7+ 83. Kb6 Rd6+ 84. Kb5 Rd5+ 85. Ka4
Rd8 86. Bc3 Ra8 87. Bd4 Rxa7+ 88. Bxa7 Kxf6 1/2-1/2

[Event "ICS rated standard match"]
[Site "204.178.125.65"]
[Date "2000.04.19"]
[Round "?"]
[White "dingo13"]
[Black "Hossa"]
[Result "0-1"]
[WhiteElo "2359"]
[BlackElo "2358"]
[PlyCount "52"]
[EventDate "2000.??.??"]

1. e4 e5 2. Nf3 Nc6 3. Bb5 a6 4. Bxc6 dxc6 5. O-O f6 6. d3 Bg4 7. Be3 Bd6 8.
Nbd2 Ne7 9. Rb1 O-O 10. d4 exd4 11. Bxd4 c5 12. Bc3 Bf4 13. h3 Bh5 14. g4 Bg6
15. Qe2 Nc6 16. Rbd1 Qd6 17. Nh4 Bf7 18. Ndf3 Qe6 19. Nf5 Qxa2 20. b3 Bxb3 21.
Rd7 Rf7 22. Rxf7 Kxf7 23. e5 Qxc2 24. e6+ Kg8 25. Qe1 Bc4 26. Qa1 Bxf1 {
dingo13 resigns} 0-1